Mois de Marie des prédicateurs, ou, Cours complet de sermons, conférences, instructions pour les jours du mois de Marie, pour toutes les fêtes et sur tous les sujets se rapportant a la très Sainte Vierge : accompagnés de riches matériaux tirés 1° de l'Écriture; 2° des saints pères; 3° de la tradition; 4° de la liturgie; 5° des maximes des saints; 6° de la théologie; 7° des recueils anecdotiques; 8° des Marialia oratoires ascétiques et symboliques de toutes les époques

Detalles Bibliográficos
Autor principal: Martin, Charles
Formato: Libro
Lenguaje:French
Publicado: Paris 1881
Edición:Neuvième édition
Materias:
Colección:Banco de datos
Acervo:Biblioteca de la Congregación del Oratorio de San Felipe Neri de México. Iglesia La Profesa
Descripción Física:t. 23 cm.
Tema general:Mariología
Notas:Encuadernación en cartón con lomo en piel. Sello en tinta del Oratorio de San Felipe Neri de México. Biblioteca La Profesa, D.F. Daños de humedad
LEADER 01553nam a22002050004500
035 |a 3376 
041 0 |a fre 
100 1 |a Martin, Charles 
245 1 0 |a Mois de Marie des prédicateurs, ou, Cours complet de sermons, conférences, instructions pour les jours du mois de Marie, pour toutes les fêtes et sur tous les sujets se rapportant a la très Sainte Vierge : accompagnés de riches matériaux tirés 1° de l'Écriture; 2° des saints pères; 3° de la tradition; 4° de la liturgie; 5° des maximes des saints; 6° de la théologie; 7° des recueils anecdotiques; 8° des Marialia oratoires ascétiques et symboliques de toutes les époques  |c par M. l'abbé C. Martin chanoine, officier d'Académie, membre de plusieurs sociétés savantes auteur de la Bibliothéque des Prédicateurs  
250 |a Neuvième édition 
260 |a Paris  |b librairie religieuse et ecclésiastique de Martin neveu et Audier  |c 1881 
300 |a  t.  |c 23 cm. 
500 |a Encuadernación en cartón con lomo en piel. Sello en tinta del Oratorio de San Felipe Neri de México. Biblioteca La Profesa, D.F. Daños de humedad 
504 |a Índice de materias 
650 1 0 |a Mariología 
740 0 |a Cours complet de sermons, conférences, instructions pour les jours du mois de Marie, pour toutes les fêtes et sur tous les sujets se rapportant a la très Sainte Vierge 
949 |a Iglesia La Profesa, Biblioteca t. 1 (7273) 
942 |c PROFESA 
943 |g Biblioteca de la Congregación del Oratorio de San Felipe Neri de México. Iglesia La Profesa 
999 |c 950187  |d 950187